Axis and Allies African Territories (Board Game) - Statistics

General Stats
  • This quiz has been taken 10 times
  • The average score is 8 of 15
Answer Stats
Answer % Correct
Algeria
100%
Egypt
100%
Morocco
100%
Libya
90%
French West Africa
60%
Belgian Congo
50%
Anglo-Egyptian Sudan
40%
Angola
40%
Sahara
40%
French Equatorial Africa
30%
Italian East Africa
30%
Mozambique
30%
Union of South Africa
30%
French Madagascar
20%
Trans-Jordan
0%
No matching quizzes found
Score Distribution
Percent of People with Each Score
Percentile by Number Answered
Your Score History
You have not taken this quiz